| 000 | 00718nam a22001697a 4500 | ||
|---|---|---|---|
| 003 | MACL | ||
| 005 | 20150705164802.0 | ||
| 008 | 150705b xxu||||| |||| 00| 0 eng d | ||
| 040 | _cMACL | ||
| 041 | _aHindi | ||
| 082 | _a741.642 | ||
| 100 |
_451/5 _aबिसारिया, डॉ सरोज _9996 |
||
| 245 | _aभव्य भारतीयता/मणजी भील और बुद्धिमान वेत्स्या/मंत्र/मेथिलांचल की लोक कथाएं/चंपा | ||
| 260 |
_aइलाहाबाद _bसंकल्प प्रकाशन _c2008 |
||
| 650 |
_aचिल्ड्रन बुक्स _9343 |
||
| 942 |
_2ddc _cHIN |
||
| 999 |
_c50030 _d50030 |
||